| 000 | 00738nam a2200205 i 4500 | ||
|---|---|---|---|
| 001 | 47627 | ||
| 003 | ES-MaACL | ||
| 005 | 20230906161612.0 | ||
| 007 | t| | ||
| 008 | 030508s1916 xxk ||||1| eng d | ||
| 245 | 0 | 0 | _aSelection from papers found in the possesion of Captain von Papen, late german military attaché at Washington, Falmouth, January 2 & 3, 1916. |
| 260 |
_aLondon : _bH.M. Stationery off., Harrison and sons, printers, _c1916. |
||
| 300 |
_a35 p. : _bil. ; _c34 cm. |
||
| 490 | 1 |
_aMiscellaneous ; _v6 |
|
| 650 | 1 | 4 |
_aGuerra mundial, 1914-1918- _xHistoria diplomática. _913221 |
| 700 | 1 |
_aPapen, Franz von. _988870 |
|
| 830 | 0 |
_aMiscellaneous ; _v6 _9230034 |
|
| 852 |
_aES-MaACL _j1537-F-8 |
||
| 999 |
_c47627 _d47627 |
||